Rock dog 2: rock around the park (Record no. 362817)
[ view plain ]
| 000 -LEADER | |
|---|---|
| fixed length control field | 02271ngm a2200505Ii 4500 |
| 001 - CONTROL NUMBER | |
| control field | sky303551074 |
| 003 - CONTROL NUMBER IDENTIFIER | |
| control field | SKY |
| 005 - DATE AND TIME OF LATEST TRANSACTION | |
| control field | 20231226121737.0 |
| 007 - PHYSICAL DESCRIPTION FIXED FIELD--GENERAL INFORMATION | |
| fixed length control field | vd cvaizq |
| 008 - FIXED-LENGTH DATA ELEMENTS--GENERAL INFORMATION | |
| fixed length control field | 210604s2021 cau090 j vaeng d |
| 010 ## - LIBRARY OF CONGRESS CONTROL NUMBER | |
| LC control number | be2021012219 |
| 020 ## - INTERNATIONAL STANDARD BOOK NUMBER | |
| International Standard Book Number | 9786318521826 : DVD |
| Terms of availability | 19.98 |
| 020 ## - INTERNATIONAL STANDARD BOOK NUMBER | |
| International Standard Book Number | 6318521828 : DVD |
| Terms of availability | 19.98 |
| 024 1# - OTHER STANDARD IDENTIFIER | |
| Standard number or code | 031398326229 |
| 028 42 - PUBLISHER NUMBER | |
| Publisher number | D58996D |
| Source | Lionsgate |
| 040 ## - CATALOGING SOURCE | |
| Original cataloging agency | IFA |
| Language of cataloging | eng |
| Transcribing agency | IFA |
| Modifying agency | OCLCO |
| -- | SKYRV |
| Description conventions | |
| 050 14 - LIBRARY OF CONGRESS CALL NUMBER | |
| Classification number | PN1997.2 |
| Item number | .R63 2021 |
| 082 04 - DEWEY DECIMAL CLASSIFICATION NUMBER | |
| Classification number | 791.43/34 |
| Edition number | 23 |
| 092 ## - LOCALLY ASSIGNED DEWEY CALL NUMBER (OCLC) | |
| Classification number | EDVD |
| 245 00 - TITLE STATEMENT | |
| Title | Rock dog 2: rock around the park |
| 246 30 - VARYING FORM OF TITLE | |
| Title proper/short title | Rock around the park |
| 250 ## - EDITION STATEMENT | |
| Edition statement | Widescreen version. |
| 264 #1 - Production, Publication, Distribution, Manufacture, and Copyright Notice. | |
| Place of production, publication, distribution, manufacture | Santa Monica, CA : |
| Name of producer, publisher, distributor, manufacturer | Lionsgate, |
| Date of production, publication, distribution, manufacture, or copyr | [2021] |
| 300 ## - PHYSICAL DESCRIPTION | |
| Extent | 1 videodisc (DVD) (approximately 90 min.) : |
| Other physical details | sound, color ; |
| Dimensions | 4 3/4 in. |
| 500 ## - GENERAL NOTE | |
| General note | Originally released as a motion picture in 2021. |
| 511 1# - PARTICIPANT OR PERFORMER NOTE | |
| Participant or performer note | Ashleigh Ball, Brian Drummond. |
| 520 ## - SUMMARY, ETC. | |
| Summary, etc | One year after the events of the original Rock Dog, Bodi and his band, True Blue, have become locally famous in the Village of Snow Mountain; they even have devoted fans! But when a music mogul named Lang gives them the opportunity to tour with pop sensation Lil Foxy, Bodi and his friends learn that fame comes at a price, and ultimately discover that only by staying true to themselves can they unleash the power of rock 'n roll! |
| 521 8# - TARGET AUDIENCE NOTE | |
| Target audience note | MPAA rating: Not rated. |
| 538 ## - SYSTEM DETAILS NOTE | |
| System details note | DVD, widescreen presentation ; 5.1 DTS-HD. |
| 546 ## - LANGUAGE NOTE | |
| Language note | English dialogue; Spanish subtitles; subtitled for the deaf and hard of hearing (SDH). |
| 650 #0 - SUBJECT ADDED ENTRY--TOPICAL TERM | |
| Topical term or geographic name as entry element | Dogs |
| Form subdivision | Juvenile drama. |
| 9 (RLIN) | 5682267 |
| 650 #0 - SUBJECT ADDED ENTRY--TOPICAL TERM | |
| Topical term or geographic name as entry element | Rock musicians |
| Form subdivision | Juvenile drama. |
| 9 (RLIN) | 6421663 |
| 650 #0 - SUBJECT ADDED ENTRY--TOPICAL TERM | |
| Topical term or geographic name as entry element | Fame |
| Form subdivision | Juvenile drama. |
| 9 (RLIN) | 6421664 |
| 655 #7 - INDEX TERM--GENRE/FORM | |
| Genre/form data or focus term | Children's films. |
| Source of term | lcgft |
| 655 #7 - INDEX TERM--GENRE/FORM | |
| Genre/form data or focus term | Animated films. |
| Source of term | lcgft |
| 655 #7 - INDEX TERM--GENRE/FORM | |
| Genre/form data or focus term | Action and adventure films. |
| Source of term | lcgft |
| 655 #7 - INDEX TERM--GENRE/FORM | |
| Genre/form data or focus term | Video recordings for the hearing impaired. |
| Source of term | lcgft |
| 700 1# - ADDED ENTRY--PERSONAL NAME | |
| Personal name | Sokolow, Alec, |
| Relator term | screenwriter. |
| 9 (RLIN) | 71553 |
| 700 1# - ADDED ENTRY--PERSONAL NAME | |
| Personal name | Zhonglei, Wang, |
| Relator term | film producer. |
| 9 (RLIN) | 6421665 |
| 700 1# - ADDED ENTRY--PERSONAL NAME | |
| Personal name | Baldo, Mark, |
| Relator term | film director. |
| 9 (RLIN) | 6196995 |
| 700 1# - ADDED ENTRY--PERSONAL NAME | |
| Personal name | Ball, Ashleigh, |
| Dates associated with a name | 1984- |
| Relator term | voice actor. |
| 9 (RLIN) | 5735910 |
| 700 1# - ADDED ENTRY--PERSONAL NAME | |
| Personal name | Drummond, Brian, |
| Relator term | voice actor. |
| 9 (RLIN) | 5706130 |
| 710 2# - ADDED ENTRY--CORPORATE NAME | |
| Corporate name or jurisdiction name as entry element | Lions Gate Films (Santa Monica, Calif.), |
| Relator term | publisher. |
| 9 (RLIN) | 6362752 |
| 942 ## - ADDED ENTRY ELEMENTS (KOHA) | |
| Source of classification or shelving scheme | Dewey Decimal Classification |
| Koha item type | DVD |
| Withdrawn status | Lost status | Source of classification or shelving scheme | Damaged status | Not for loan | Collection code | Home library | Current library | Shelving location | Date acquired | Source of acquisition | Total Checkouts | Total Renewals | Full call number | Barcode | Date last seen | Date checked out | Cost, replacement price | Price effective from | Koha item type |
|---|---|---|---|---|---|---|---|---|---|---|---|---|---|---|---|---|---|---|---|
| Dewey Decimal Classification | Children Movies | Wasatch County Library | Wasatch County Library | Audio Visual Area | 03/17/2023 | Micromarketing | 9 | 11 | E DVD Rock | 34301002001164 | 11/25/2025 | 11/24/2025 | 19.96 | 03/17/2023 | DVD |
